000 03383cas a2200841 a 4500
999 _c27684
_d27684
001 11140078
003 OSt
005 20250225102223.0
008 740610d19382018iluar 0 a0eng c
010 _a 38012082
016 _a(AMICUS)000002915358
016 7 _a(AMICUS)2915358
_2CaOONL
016 7 _a00110160R
_2DNLM
016 7 _aB33760000
_2DNLM
016 7 _a001282529
_2IsJJNL
022 _a0068-1156
_l0068-1156
_21
035 _a(OCoLC)ocm00911926
040 _aWAL
_beng
_cWAL
_dUCU
_dNSD
_dDLC
_dNSD
_dNST
_dOCL
_dRCS
_dHUL
_dOCL
_dHUL
_dOCL
_dNST
_dHUL
_dNST
_dHUL
_dIUL
_dHUL
_dNST
_dOCL
_dIUL
_dSYS
_dB2Q
_dGUA
_dNLM
_dHUL
_dMYG
_dIUL
_dNLGGC
_dVVW
_dJ9U
_dOCLCQ
_dT7B
_dOCLCQ
_dI8L
_dWAU
_dOCLCO
_dOCLCF
_dYDXCP
_dOCLCO
_dOVY
_dOCLCO
_dOCLCQ
_dOCLCO
_dKOC
_dDLC
_dOCLCO
_dOCLCQ
_dYDX
_dQE2
_dOCLCO
_dTFW
_dOCLCO
_dOCLCQ
_dOCL
_dNLC
_dCSJ
_dAVA
_dOCLCA
_dOCLCQ
_dCAI
_dOCLCQ
_dXFF
_dCUV
_dSYB
_dOCLCQ
_dOCLCA
_dSYB
_dZYU
_dIL4J6
_dOCLCO
_dOCLCQ
_dUAU
042 _ansdp
_apcc
050 0 0 _aAE5
_b.E364
050 1 4 _aQ031 N
060 0 0 _aAE 5
_bE561
082 0 0 _a032
_bE5633
222 0 _aBritannica book of the year
245 0 0 _aBritannica book of the year.
260 _aChicago :
_bEncyclopaedia Britannica, Inc.
_cc1986.
300 _a990 p.
_billustrations ;
_c29 cm
310 _aAnnual
336 _atext
_btxt
_2rdacontent
337 _aunmediated
_bn
_2rdamedia
338 _avolume
_bnc
_2rdacarrier
500 _aBritannica world data
504 _aIncludes bibliographical references.
515 _aEach issue covers events of the previous year.
648 7 _a1900-2099
_2fast
650 0 _aEncyclopedias and dictionaries.
650 0 _aYearbooks.
650 0 _aHistory, Modern
_vPeriodicals.
650 0 _aHistory, Modern
_vPeriodicals.
650 2 _aEncyclopedias.
650 5 _aEncyclopedias and dictionaries.
650 6 _aEncyclopédies et dictionnaires.
650 7 _aEncyclopedias and dictionaries.
_2fast
_0(OCoLC)fst00909533
650 7 _aHistory, Modern.
_2fast
_0(OCoLC)fst00958367
650 7 _aYearbooks.
_2fast
_0(OCoLC)fst01182595
650 1 7 _aWereldgeschiedenis.
_2gtt
650 1 7 _aEncyclopaedia Britannica (encyclopedie)
_2gtt
650 7 _aEnciclopedias (Gerais)
_2larpcal
650 7 _aEnciclopedias Estrangeiras.
_2larpcal
650 7 _aEncyclopedias and dictionaries
_vPeriodicals.
_2nli
650 7 _aEncyclopedias and dictionaries.
_2nli
655 0 _aEncyclopedias and dictionaries.
655 2 _aEncyclopedia.
655 7 _aDictionaries.
_2fast
_0(OCoLC)fst01423826
655 7 _aPeriodicals.
_2fast
_0(OCoLC)fst01411641
655 7 _aYearbooks.
_2fast
_0(OCoLC)fst01424368
655 7 _aDictionaries.
_2lcgft
655 7 _aYearbooks.
_2lcgft
710 2 _aEncyclopaedia Britannica, Inc.
730 0 _aEncyclopaedia Britannica.
740 0 2 _aBritannica world data.
740 0 2 _aWorld data.
740 0 _aYear in review.
775 0 8 _iBritish edition:
_tBritannica book of the year (London, England)
_w(OCoLC)500010579
776 0 8 _iOnline version:
_tBritannica book of the year
_x0068-1156
_w(OCoLC)562462758
906 _a7
_bcbc
_cserials
_d3
_encip
_f19
_gn-oclcserc
942 _2ddc
_cRT